000 00935cam a2200229 4500
001 WB3631-53
008 000000n2000 000 0 eng u
035 _a(Sirsi) u107690
245 _a£1bn needed to repair roads
260 _c2000
490 _aHerald
_v8 August 2000, 9
490 _aHerald
_v9 August 2000, 9(2)
520 _aThe Convention of Scottish Local Authorities (COSLA) warns that more than £1bn is needed to repair roads, bridges and street lighting in Scotland with rural communities and industry facing isolation due to poor infrastructure. The Society of Chief Officers of Transportation in Scotland (SCOTS) echoes COSLA's warning.
590 _aWB
650 _aSCOTLAND
650 _aPROPERTY-INFRASTRUCTURE-TRANSPORT INFRASTRUCTURE-ROAD INFRASTRUCTURE
650 _aInfrastructure
_96246
650 _aRURAL COMMUNITIES
650 _aCOSLA
690 _aTRANSPORT AND COMMUNICATIONS
942 _n0
999 _c64332
_d64332